Konstitucija RSFSR
| Format: | Book |
|---|---|
| Language: | Undetermined |
| PhysicalDescription: | 334 s. |
| Published: |
Moskva
Izdateľstvo juridičeskoj literatury
1952
|
MARC
| LEADER | 00000nam a2200000 a 4500 | ||
|---|---|---|---|
| 001 | vtls001297219 | ||
| 003 | SK-MaSNL | ||
| 005 | 20260224020943.0 | ||
| 008 | 970729s1952 xx 0 und | ||
| 035 | |a SNK000249083 | ||
| 040 | |a SNK |b slo |c SNK |e AACR2 | ||
| 245 | 1 | |a Konstitucija RSFSR | |
| 260 | |a Moskva |b Izdateľstvo juridičeskoj literatury |c 1952 | ||
| 300 | |a 334 s. | ||
| 999 | |c 801577 |d 803507 | ||
| 952 | |t P60, <04>, [BOOK], {604} |a SNK |b SNK |y VYP |7 0 |p 17A0086697 |o snkIC 49800 |0 0 |1 0 |4 0 |d 1997-07-29 |l 0 |r 2005-01-02 00:00:00 |w 2026-02-24 | ||


